| 000 | 00398nam a22001697a 4500 | ||
|---|---|---|---|
| 003 | koha_MIRAKIL | ||
| 005 | 20231213095631.0 | ||
| 008 | 231213b |||||||| |||| 00| 0 ||| d | ||
| 040 |
_aTR-IsEVY _btur _cTR-IsEVY |
||
| 082 | _a410 AKS/A | ||
| 100 | _aAKSOY, ÖMER ASIM. | ||
| 245 | 0 | _aANA YAZIM KILAVUZU. | |
| 260 |
_bAdam, _c1989 |
||
| 300 | _a269. | ||
| 650 | _aTürk Dili. | ||
| 942 |
_2ddc _cBK |
||
| 999 |
_c6876 _d6876 |
||